| 000 | 00414nam a2200169Ia 4500 | ||
|---|---|---|---|
| 008 | 210210b1998 xxu||||| |||| 00| 0 eng d | ||
| 020 | _a81 7446 112 4 | ||
| 082 | _a658 KUMM | ||
| 100 | _aKUMAR (Sunil). | ||
| 245 | _aManagerial effectiveness. Ed 1. | ||
| 250 | _a | ||
| 260 |
_aNew Delhi. _bExcel Books _c1998 |
||
| 300 | _ax,246 | ||
| 650 | _aManagement Essays | ||
| 690 | _aManagement | ||
| 906 | _a057269 | ||
| 999 |
_c104802 _d104802 |
||